000 00658nam a2200253 4500
003 OSt
005 20260601193840.0
008 260509b1998 |||a|||| |||| 00| 0 eng d
040 _aICI
_bspa
_cICI
050 _aNK1505
_bN45 1977
245 1 _aWhy Design
264 _bIDSA
_c1998
_aNew York
300 _a48 páginas
336 _atexto
_2rdacontent
337 _asin medio
_2rdamedia
338 _avolumen
_2rdacarrier
650 _aDiseño industrial
650 _aFilosofía del diseño
650 _aDiseño y sociedad
650 _aEstética industrial
650 _aDiseño contemporáneo
650 _aCultura material
942 _2lcc
_cB
_n1
999 _c21412
_d21412